00438nam a2200121Ia 4500008004100000100003200041245007600073245007700149260000900226300001100235650001300246856005700259170221s9999 xx 000 0 und d ada Palma, Patrícia Jardim aBuilding Ventures to Last: How the Entrepreneur’s Self-giving Matters cPatrícia Jardim da Palma, Miguel Pereira Lopes and Miguel Pina e Cunha c2012 a32 : 7 xBusiness uhttp://www.scienpress.com/Upload/BEJ/Vol%202_1_1.pdf